Grammaire essentielle Briam : cours de français

Gespeichert in:
Bibliographische Detailangaben
Format: Buch
Sprache:Spanisch
Erschienen: Madrid : Agarthis Press, 1981
Katalog:MANES:  Suchergebnis im Bibliothekskatalog
Schulbuchspezifische Eigenschaften:
Schriftenreihe:Briam
Schlagworte:
Tags: Tag hinzufügen
Keine Tags, Fügen Sie den ersten Tag hinzu!
Hinzugefügt zu:29.11.1999
Geändert in:07.05.2025

MARC

LEADER 00000cam a2200000#i 4500
005 20250507134530.0
008 000000s1981 esp f 000 0 spa d
020 |a 8470040782 
040 |a uned  |b spa  |c entro-manes 
245 0 0 |a Grammaire essentielle Briam :   |b cours de français 
260 |a Madrid :   |b Agarthis Press,   |c 1981 
300 |a 124 p. 
490 0 |a Briam 
546 |a España 
561 |5 es-BUNED  |3 L.T.M. 0560  |a España. Fondo Manes UNED  |k MANES 
690 0 |a LE 
650 7 |a Gramática 
942 |2 ddc  |c BK 
999 |c 96621  |d 96621 
999 |c manes:96621  |d 96621